000 01003cam a22001935a 4500
001 L140886
008 071016s1923 xxk eng u
035 _a(Sirsi) u140886
041 0 _aeng
110 2 _aFox and Sons
_93519
245 0 3 _aBy direction of the Right Honourable The Earl of Malmesbury, Bournemouth, Hants
_bparticulars, plans and conditions of sale of freehold ground rents secured on about 2 000 houses, 122 shops, three licensed hotels, three schools, two church halls, golf club house, laundry...which Messrs. Fox and Sons are favoured with instructions to sell by auction in separate lots...at the Havergal Hall, Post Office Road, Bournemouth on [Wednesday 23rd-Friday 25th May 1923 and Tuesday 29th-Thursday 31st May 1923]...
260 _aS.l.
_bs.n.
_c[1923]
300 _a161 p.
_bill.
_c39 cm.
340 _aPrinted
351 _cSingle item
651 4 _aBournemouth
690 _aPROPERTY-PROPERTY ACQUISITION AND DISPOSAL-ACQUISITION AND DISPOSAL AT AUCTION
942 _n0
999 _c116516
_d116516